000 00476nam a2200205Ia 4500
005 20250425161059.0
008 250425s9999 xx 000 0 und d
020 _a0124809014
041 _aeng
082 _a548.5
100 _aMATTHEWS, J. W.
245 0 _aEPITAXIAL GROWTH : PART A
250 _a1TH ED.
260 _aEstados Unidos
_bACADEMIC PRESS
_c1975
260 _aNEW YORK
300 _a379
650 _aCRISTALOGRAFIA
942 _c01
010 _a12063
999 _c202018
_d202018